00563nam a2200169 a 4500001000400000003000500004005001700009008004100026020001500067040002000082100003300102245011700135260008000252300001100332490003100343650001900374825CDMR20131029103349.0130130s2001||||||||||||||||||||||||||||d a849303844X aCDMRbcatcCDMR1 aCosta i Fernández, Lluís13aEl Autonomistab: el diari dels Rahola : els orígens del periodisme modern a Girona : 1898-1939cLluís Costa aGironac2000bCol·legi de Periodistes de Catalunya. Demarcació de Girona a243 p.0 aPapers de comunicacióv104aPremsazGirona